[Event "DM G7 Grp1 2025"]
[Site "Svendborg"]
[Date "2025.04.17"]
[Round "3"]
[White "Shajan, Alan Pattayil"]
[Black "Ramsdal, Lasse Andreas"]
[Result "0-1"]
[WhiteElo "1934"]
[BlackElo "1968"]
[WhiteFideId "33436134"]
[BlackFideId "1440675"]
[EventDate "2025.04.15"]
[EventType "swiss"]
[EventRounds "7"]
[EventCountry "DEN"]
[SourceTitle "Live v. Kasper Jerwiarz"]

1. e4 c5 2. c3 Nf6 3. e5 Nd5 4. Nf3 d6 5. d4 cxd4 6. cxd4 Nc6 7. Bc4 dxe5 8. dxe5 Be6 9. O-O g6 10. Qb3 Qd7 11. Bd2 Bg7 12. Re1 O-O 13. Na3 a6 14. Qd1 Rfd8 15. Qe2 Bg4 16. Bxd5 Qxd5 17. Bc3 Bxf3 18. Qxf3 Bxe5 19. Qxd5 Rxd5 20. Bxe5 Nxe5 21. b3 Rad8 22. h3 e6 23. Nc4 Nxc4 24. bxc4 Rc5 25. Reb1 Rd7 26. Rb4 Rdc7 27. Rab1 Rxc4 28. Rxb7 Rxb7 29. Rxb7 Rc2 30. a3 Rc3 31. a4 Rc4 32. g4 a5 33. Ra7 Rxa4 34. Kg2 g5 35. Kg3 h6 36. Ra6 Ra3+ 37. Kg2 Kg7 38. Ra8 a4 39. Ra7 Ra1 40. Ra8 a3 41. Ra7 Kf6 42. Ra5 Ke7 43. Ra7+ Kd6 44. Rxf7 Rb1 45. Ra7 Rb3 46. Ra5 Kc6 47. Ra6+ Kb5 48. Ra8 Kc4 49. Ra6 Kc3 50. Rxe6 a2 51. Ra6 Kb2 0-1

[Event "DM G7 Grp1 2025"]
[Site "Svendborg"]
[Date "2025.04.17"]
[Round "3"]
[White "Mollasoltani, Aryan "]
[Black "Rossen, Claus"]
[Result "0-1"]
[WhiteElo "2014"]
[BlackElo "2077"]
[WhiteFideId "1465716"]
[BlackFideId "1403222"]
[EventDate "2025.04.15"]
[EventType "swiss"]
[EventRounds "7"]
[EventCountry "DEN"]
[SourceTitle "Live v. Kasper Jerwiarz"]

1. e4 d6 2. d4 Nf6 3. Nc3 g6 4. Be3 Bg7 5. Nf3 O-O 6. Qd2 Bg4 7. O-O-O Nc6 8. Bd3 e5 9. Ne2 exd4 10. Nfxd4 Nxd4 11. Bxd4 c5 12. Be3 b5 13. f3 Be6 14. e5 dxe5 15. Bxc5 Qd5 16. Bxf8 Qxa2 17. Qc3 Bxf8 18. Qxe5 Nd5 19. c3 b4 20. Bb1 Bh6+ 21. f4 Qc4 22. Rd4 Qb5 23. Rxd5 Bxd5 24. Rd1 Re8 25. Rxd5 Re7 26. Qe6 Rxe6 27. Rc5 Re5 28. Rxb5 Rxb5 29. c4 Re5 30. Kd2 Ra5 31. b3 Bg7 32. g3 h5 33. h3 Kf8 34. g4 Ke7 35. Ng3 Bh6 36. Ne2 Kd6 37. Ke3 Ra1 38. Be4 hxg4 39. hxg4 Bg7 40. Bc2 a5 41. Ng3 Ra3 42. Ne4+ Kc6 43. Nd2 a4 44. Kd3 Bb2 45. Nb1 Kc5 46. Nxa3 bxa3 47. b4+ Kxb4 48. Bb1 Bc1 49. Ba2 Bxf4 50. Kd4 f5 51. gxf5 gxf5 52. c5 Bc7 53. c6 f4 54. Kd3 Kc5 55. Kc2 Kd4 56. Be6 f3 57. Kb1 Kc5 58. Bf5 f2 59. Bd3 Kxc6 0-1

[Event "DM G7 Grp1 2025"]
[Site "Svendborg"]
[Date "2025.04.17"]
[Round "3"]
[White "Jepsen, Thomas Tange"]
[Black "Leimand, Jens Christian "]
[Result "0-1"]
[WhiteElo "1995"]
[BlackElo "2158"]
[WhiteFideId "1405357"]
[BlackFideId "1404270"]
[EventDate "2025.04.15"]
[EventType "swiss"]
[EventRounds "7"]
[EventCountry "DEN"]
[SourceTitle "Live v. Kasper Jerwiarz"]

1. d4 d5 2. c4 e6 3. Nc3 c6 4. cxd5 exd5 5. Nf3 Bf5 6. Bf4 Nf6 7. e3 Bd6 8. Bxd6 Qxd6 9. Be2 Nbd7 10. O-O h6 11. a3 O-O 12. b4 b5 13. Qb3 Nb6 14. Rfd1 Nc4 15. a4 a6 16. h3 a5 17. bxa5 Nxa5 18. Qb2 b4 19. Nb1 Nc4 20. Qb3 Na5 21. Qb2 Rfc8 22. Bd3 Bxd3 23. Rxd3 Ne4 24. Nfd2 Rab8 25. f3 c5 26. dxc5 Nxc5 27. Rd4 Ne6 28. Rg4 f5 29. Rg6 d4 30. Qxd4 Qxd4 31. exd4 Kf7 32. Rg3 Nxd4 33. Kf2 Rc2 34. Ke3 Ndb3 0-1

[Event "DM G7 Grp1 2025"]
[Site "Svendborg"]
[Date "2025.04.17"]
[Round "3"]
[White "Madsen, Michael Baehring"]
[Black "Andersen, Lars Christoff"]
[Result "0-1"]
[WhiteElo "2043"]
[BlackElo "1971"]
[WhiteFideId "1413031"]
[BlackFideId "1412760"]
[EventDate "2025.04.15"]
[EventType "swiss"]
[EventRounds "7"]
[EventCountry "DEN"]
[SourceTitle "Live v. Kasper Jerwiarz"]

1. d4 e6 2. e4 d5 3. Nc3 Nf6 4. Bg5 Be7 5. e5 Ne4 6. Bxe7 Qxe7 7. Bd3 Nxc3 8. bxc3 Qa3 9. Qd2 c5 10. Nf3 Nc6 11. dxc5 Qxc5 12. O-O h6 13. Rab1 a6 14. Rfe1 b5 15. Nd4 Bd7 16. Nxc6 Bxc6 17. Rb4 Rd8 18. Rg4 g5 19. h4 d4 20. hxg5 h5 21. Rxd4 Rxd4 22. cxd4 Qxd4 23. g6 Qg4 24. gxf7+ Kxf7 25. Bf1 Rg8 26. f4 h4 27. Re2 h3 28. Rf2 hxg2 29. Bxg2 Qh4 30. f5 Rd8 31. fxe6+ Kxe6 32. Qe2 Bxg2 0-1

[Event "DM G7 Grp1 2025"]
[Site "Svendborg"]
[Date "2025.04.17"]
[Round "3"]
[White "Jensen, Morten Frank"]
[Black "Christensen, Jacob Foged"]
[Result "1-0"]
[WhiteElo "2004"]
[BlackElo "1969"]
[WhiteFideId "1407325"]
[BlackFideId "1439073"]
[EventDate "2025.04.15"]
[EventType "swiss"]
[EventRounds "7"]
[EventCountry "DEN"]
[SourceTitle "Live v. Kasper Jerwiarz"]

1. d4 Nf6 2. Nc3 d5 3. Bf4 c6 4. e3 Bf5 5. f3 e6 6. g4 Bg6 7. h4 h5 8. g5 Nfd7 9. Bd3 Bxd3 10. Qxd3 Qb6 11. g6 f6 12. O-O-O c5 13. Nh3 Nc6 14. Rhe1 Rc8 15. Qb5 a6 16. Qxb6 Nxb6 17. Ne2 Be7 18. Kb1 cxd4 19. exd4 O-O 20. Ng3 e5 21. Bc1 Nxd4 22. Rxd4 Bc5 23. Rdd1 Rc7 24. c3 Rfc8 25. Be3 Bxe3 26. Rxe3 Na4 27. Rxd5 1-0

[Event "DM G7 Grp1 2025"]
[Site "Svendborg"]
[Date "2025.04.17"]
[Round "3"]
[White "Justesen, Asger"]
[Black "Snedker, Oliver Kaehne "]
[Result "1-0"]
[WhiteElo "2077"]
[BlackElo "1943"]
[WhiteFideId "1476173"]
[BlackFideId "1470051"]
[EventDate "2025.04.15"]
[EventType "swiss"]
[EventRounds "7"]
[EventCountry "DEN"]
[SourceTitle "Live v. Kasper Jerwiarz"]

1. d4 d5 2. c4 c6 3. Nf3 Nf6 4. Nbd2 Bf5 5. Nh4 Bg4 6. h3 Bh5 7. g4 Bg6 8. Qb3 Qb6 9. Bg2 Nbd7 10. cxd5 Qxb3 11. Nxb3 cxd5 12. Nxg6 hxg6 13. Bd2 e6 14. Rc1 b6 15. f3 Bd6 16. Kf2 e5 17. e3 Ke7 18. Bf1 Rac8 19. g5 Nh7 20. dxe5 Bxe5 21. Bb4+ Bd6 22. Bxd6+ Kxd6 23. f4 Rxc1 24. Nxc1 Nc5 25. Bg2 Re8 26. Rd1 Ne4+ 27. Bxe4 Rxe4 28. Ne2 Rb4 29. b3 f6 30. Nd4 fxg5 31. a3 Rxd4 32. Rxd4 gxf4 33. Rxf4 Nf6 34. h4 g5 35. hxg5 Ne4+ 36. Ke2 Nxg5 37. Rf5 Ne6 38. b4 d4 39. e4 g5 40. Kd3 a6 41. a4 Kc6 42. Kc4 Kd6 43. e5+ Ke7 44. Rf6 a5 45. bxa5 bxa5 46. Kd5 1-0

[Event "DM G7 Grp1 2025"]
[Site "Svendborg"]
[Date "2025.04.17"]
[Round "3"]
[White "Hollesen, Kurt"]
[Black "Nielsen, Thomas"]
[Result "1-0"]
[WhiteElo "1974"]
[BlackElo "1960"]
[WhiteFideId "1406817"]
[BlackFideId "1407147"]
[EventDate "2025.04.15"]
[EventType "swiss"]
[EventRounds "7"]
[EventCountry "DEN"]
[SourceTitle "Live v. Kasper Jerwiarz"]

1. e4 e5 2. c4 Nc6 3. g3 Bc5 4. Bg2 d6 5. h3 a6 6. d3 Nge7 7. Ne2 Ba7 8. Nbc3 h5 9. Nd5 f5 10. Be3 Bxe3 11. Nxe3 g5 12. h4 f4 13. Nd5 Nxd5 14. exd5 Nb8 15. Be4 Qf6 16. hxg5 Qxg5 17. gxf4 exf4 18. Rg1 Qe5 19. Qd2 Rf8 20. f3 Nd7 21. d4 Qf6 22. O-O-O Nb6 23. b3 Bf5 24. Qxf4 O-O-O 25. Bxf5+ Qxf5 26. Qxf5+ Rxf5 27. f4 Re8 28. Kd2 Nd7 29. Rg5 Rxg5 30. fxg5 Rg8 31. Rg1 Nf8 32. Nf4 h4 33. Ke3 Ng6 34. Nxg6 Rxg6 35. Kf4 Kd7 36. Rh1 Ke7 37. Kf5 Rg8 38. Rxh4 Rf8+ 39. Kg6 Rg8+ 40. Kf5 Rf8+ 41. Kg4 Rf7 42. g6 Rf1 43. Rh7+ Kf6 1-0

[Event "DM G7 Grp1 2025"]
[Site "Svendborg"]
[Date "2025.04.17"]
[Round "3"]
[White "Paludan, Noah"]
[Black "Skytte, Robert"]
[Result "1/2-1/2"]
[WhiteElo "1963"]
[BlackElo "1909"]
[WhiteFideId "1474987"]
[BlackFideId "1471775"]
[EventDate "2025.04.15"]
[EventType "swiss"]
[EventRounds "7"]
[EventCountry "DEN"]
[SourceTitle "Live v. Kasper Jerwiarz"]

1. e4 c5 2. Nf3 Nc6 3. d4 cxd4 4. Nxd4 g6 5. c4 Bg7 6. Be3 Nf6 7. Nc3 O-O 8. Be2 b6 9. f3 Bb7 10. Qd2 a6 11. O-O d6 12. Rac1 Nxd4 13. Bxd4 Rc8 14. b3 Nd7 15. Be3 Bc6 16. Rfd1 Qc7 17. b4 Bb7 18. Nd5 Bxd5 19. cxd5 Qb7 20. f4 b5 21. Bd4 Bxd4+ 22. Qxd4 Qb6 23. Qf2 Qxf2+ 1/2-1/2

[Event "DM G7 Grp1 2025"]
[Site "Svendborg"]
[Date "2025.04.17"]
[Round "3"]
[White "Li, Anna Sofie"]
[Black "Peitersen, Andreas"]
[Result "1/2-1/2"]
[WhiteElo "1781"]
[BlackElo "1912"]
[WhiteFideId "1472119"]
[BlackFideId "1479814"]
[EventDate "2025.04.15"]
[EventType "swiss"]
[EventRounds "7"]
[EventCountry "DEN"]
[SourceTitle "Live v. Kasper Jerwiarz"]

1. e4 e5 2. Nf3 Nc6 3. Bb5 a6 4. Ba4 Nf6 5. O-O b5 6. Bb3 Be7 7. Re1 O-O 8. a4 Bb7 9. axb5 axb5 10. Rxa8 Bxa8 11. d3 d6 12. Nbd2 g6 13. Nf1 Qd7 14. Bh6 Rb8 15. Qd2 Nd4 16. Nxd4 exd4 17. Ng3 Ng4 18. Bg5 Qd8 19. Bxe7 Qxe7 20. h3 Ne5 21. f4 Nd7 22. Rf1 Nc5 23. Ba2 Bc6 24. f5 Be8 25. fxg6 hxg6 26. Qh6 Ne6 27. h4 Ra8 28. Bd5 c6 29. Bb3 Qf8 30. Qd2 Qg7 31. h5 Bd7 32. hxg6 fxg6 33. Nf5 gxf5 34. exf5 d5 35. fxe6 Bxe6 36. Qe2 Bg4 37. Qd2 Re8 38. Rf2 Re5 39. c3 Rh5 40. Qf4 dxc3 41. bxc3 Rg5 42. Bc2 Rf5 43. Qb8+ Rf8 44. Rxf8+ Qxf8 45. Qg3 Qg7 46. d4 Be6 47. Qb8+ Kf7 48. Qc7+ Kf6 49. Qf4+ Ke7 50. Kf2 Qh8 51. Kg1 Qh5 52. Qe3 Kd7 53. Qd3 Qg5 54. g3 Kd6 55. Kg2 Qh5 56. Bd1 Qh3+ 57. Kf2 Qh2+ 58. Ke1 Qg2 59. Qf3 Qb2 60. Be2 b4 61. Qf4+ Kd7 62. cxb4 Qxb4+ 63. Qd2 Qb1+ 64. Qd1 Qe4 65. Qd3 Qh1+ 66. Kd2 Qa1 67. Qc3 Qa2+ 68. Ke3 Qb1 69. Kd2 Qg1 70. Qe3 Qb1 71. Qc3 Qg1 72. Qe3 Qb1 73. Qc3 1/2-1/2

[Event "DM G7 Grp1 2025"]
[Site "Svendborg"]
[Date "2025.04.17"]
[Round "3"]
[White "Ringsmose, Christian"]
[Black "Jensen, Soren"]
[Result "1-0"]
[WhiteElo "1944"]
[BlackElo "1987"]
[WhiteFideId "1451669"]
[BlackFideId "1421204"]
[EventDate "2025.04.15"]
[EventType "swiss"]
[EventRounds "7"]
[EventCountry "DEN"]
[SourceTitle "Live v. Kasper Jerwiarz"]

1. e4 e5 2. Nf3 f5 3. exf5 e4 4. Qe2 Qe7 5. Nd4 Nf6 6. Nc3 d5 7. d3 c5 8. Ne6 Bxe6 9. fxe6 Qxe6 10. dxe4 d4 11. Nd5 Bd6 12. Nxf6+ Qxf6 13. Qb5+ Nd7 14. Bc4 O-O-O 15. Bd5 Nb6 16. O-O Nxd5 17. exd5 Qe5 18. g3 Qxd5 19. Bd2 g5 20. Rae1 h5 21. Qe2 Rh6 22. Qe4 Qg8 23. Qf5+ Kc7 24. Qxg5 Rg6 25. Qxh5 Rd7 26. Qf3 Rh7 27. Bf4 Qd8 28. Bxd6+ Qxd6 29. Re4 Rgh6 30. h4 Rf6 31. Qe2 Rg6 32. Re1 Kd7 33. Qb5+ Kc7 34. Qe2 Kd7 35. Rg4 Rf6 36. Qe4 1-0

[Event "DM G7 Grp1 2025"]
[Site "Svendborg"]
[Date "2025.04.17"]
[Round "3"]
[White "Bekmukhanov, Sauran"]
[Black "Kokholm, Daniel"]
[Result "1-0"]
[WhiteElo "1914"]
[BlackElo "1913"]
[WhiteFideId "1472844"]
[BlackFideId "1407155"]
[EventDate "2025.04.15"]
[EventType "swiss"]
[EventRounds "7"]
[EventCountry "DEN"]
[SourceTitle "Live v. Kasper Jerwiarz"]

1. e4 e5 2. Nf3 Qe7 3. Bc4 d6 4. Nc3 c6 5. d4 h6 6. a4 a5 7. b3 Nf6 8. dxe5 dxe5 9. Ba3 Qc7 10. Bxf8 Kxf8 11. Qd3 Nbd7 12. Rd1 Ke7 13. Qe3 g5 14. O-O b6 15. Rd2 Ng4 16. Qe2 Nc5 17. Rfd1 Nf6 18. Rd6 Nb7 19. Rxc6 Qxc6 20. Nxe5 Qc5 21. Nxf7 Rh7 22. e5 Ne8 23. Nd6 Nexd6 24. exd6+ Kd8 25. Qf3 Qf5 26. Qe2 Qc5 27. Rd5 Qa3 28. Qe5 Qc1+ 29. Rd1 Qf4 30. Qd5 Rg7 31. Qc6 Rb8 32. Qxb6+ Ke8 33. d7+ Bxd7 34. Qxh6 Qf8 35. Ne4 Rd8 36. Nf6+ Ke7 37. Nd5+ Kf7 38. Nc7+ 1-0

[Event "DM G7 Grp1 2025"]
[Site "Svendborg"]
[Date "2025.04.18"]
[Round "4"]
[White "Ramsdal, Lasse Andreas"]
[Black "Rossen, Claus"]
[Result "0-1"]
[WhiteElo "1968"]
[BlackElo "2077"]
[WhiteFideId "1440675"]
[BlackFideId "1403222"]
[EventDate "2025.04.15"]
[EventType "swiss"]
[EventRounds "7"]
[EventCountry "DEN"]
[SourceTitle "Live v. Kasper Jerwiarz"]

1. d4 Nf6 2. c4 g6 3. Nc3 d5 4. Nf3 Bg7 5. Qb3 dxc4 6. Qxc4 O-O 7. e4 Nc6 8. Be2 Bg4 9. Be3 Nd7 10. Rd1 Nb6 11. Qc5 Qd6 12. O-O Rfd8 13. Nb5 Qxc5 14. dxc5 Na4 15. b3 Nc3 16. Nxc3 Bxc3 17. h3 Bxf3 18. Bxf3 Nd4 19. Rc1 Bd2 20. Rcd1 Bxe3 21. fxe3 Nc2 22. Kf2 Nb4 23. Kg3 Nxa2 24. e5 c6 25. e6 fxe6 26. Bg4 Nc3 27. Bxe6+ Kh8 28. Rxd8+ Rxd8 29. Rf7 Ne4+ 30. Kf4 Nxc5 31. Rxe7 Nxe6+ 32. Rxe6 Rd7 33. e4 Kg7 34. e5 Kf7 35. Rf6+ Ke7 36. h4 Rd4+ 37. Kg5 Re4 38. Kh6 Rxe5 39. Rf4 Rh5+ 40. Kg7 b5 41. g3 a5 42. Kg8 c5 43. Rf7+ Ke6 44. Rb7 c4 45. g4 Rxh4 46. Rxb5 cxb3 47. Rxb3 Rxg4 48. Kxh7 a4 49. Rb8 Kd5 50. Ra8 Kc5 51. Kg7 Kb4 52. Rb8+ Kc3 53. Ra8 Kb3 54. Ra6 a3 55. Rb6+ Rb4 56. Rxg6 a2 57. Rg3+ Ka4 0-1

[Event "DM G7 Grp1 2025"]
[Site "Svendborg"]
[Date "2025.04.18"]
[Round "4"]
[White "Andersen, Lars Christoff"]
[Black "Jensen, Morten Frank"]
[Result "1/2-1/2"]
[WhiteElo "1971"]
[BlackElo "2004"]
[WhiteFideId "1412760"]
[BlackFideId "1407325"]
[EventDate "2025.04.15"]
[EventType "swiss"]
[EventRounds "7"]
[EventCountry "DEN"]
[SourceTitle "Live v. Kasper Jerwiarz"]

1. Nf3 d6 2. c4 Nf6 3. Nc3 g6 4. g3 Bg7 5. Bg2 O-O 6. O-O e5 7. d3 Nc6 8. Rb1 Ne8 9. b4 h6 10. b5 Ne7 11. Qb3 Kh7 12. Ba3 f5 13. c5 d5 14. c6 e4 15. Bxe7 Qxe7 16. Nxd5 Qf7 17. dxe4 bxc6 18. bxc6 fxe4 19. Nh4 Nd6 20. f3 e3 21. Rbd1 Ba6 22. Qc2 Rab8 23. Nxc7 Rb2 24. Qxg6+ Qxg6 25. Nxg6 Bxe2 26. Rxd6 Rc8 27. Rc1 Rxc7 28. Nf4 Rd2 29. Nd5 Bc4 30. Nxc7 Rxd6 31. Ne8 Rxc6 32. Nxg7 Kxg7 33. Bf1 Bd5 34. Rxc6 Bxc6 35. Be2 Kf6 36. Kf1 Ke5 37. Ke1 Kd4 38. Kd1 Ba4+ 39. Ke1 Bc6 40. g4 Ke5 41. Kf1 Kf4 42. Kg2 Bd5 43. a3 Bc6 44. h4 Bd5 45. Kf1 1/2-1/2

[Event "DM G7 Grp1 2025"]
[Site "Svendborg"]
[Date "2025.04.18"]
[Round "4"]
[White "Leimand, Jens Christian "]
[Black "Justesen, Asger"]
[Result "1-0"]
[WhiteElo "2158"]
[BlackElo "2077"]
[WhiteFideId "1404270"]
[BlackFideId "1476173"]
[EventDate "2025.04.15"]
[EventType "swiss"]
[EventRounds "7"]
[EventCountry "DEN"]
[SourceTitle "Live v. Kasper Jerwiarz"]

1. d4 d5 2. c4 e6 3. Nc3 a6 4. cxd5 exd5 5. Nf3 Nf6 6. Bg5 Be6 7. e3 Nbd7 8. Bd3 Bd6 9. O-O O-O 10. a3 c6 11. Qc2 h6 12. Bh4 Qc7 13. Bg3 Bxg3 14. hxg3 Ne8 15. b4 Nd6 16. a4 Rfc8 17. a5 Bg4 18. Nh2 Nf6 19. f3 Be6 20. Rfe1 Re8 21. Na4 Re7 22. Nc5 Rae8 23. Nf1 Bc8 24. Re2 Nd7 25. Nb3 Nf8 26. Kf2 g6 27. Nfd2 Bf5 28. g4 Bxd3 29. Qxd3 Ne6 30. Rae1 Kg7 31. Qc3 Kh7 32. Qd3 Kg7 33. Qc3 Kh7 34. Qd3 f5 35. gxf5 Nxf5 36. Nf1 Qd6 37. Nc5 Ng5 38. Qc3 Qf6 39. Qd3 h5 40. Kg1 h4 41. Nh2 h3 42. Ng4 Qd6 43. f4 Ng3 44. fxg5 h2+ 45. Nxh2 Nxe2+ 46. Rxe2 Qg3 47. Nf3 Rf8 48. e4 dxe4 49. Nxe4 Qc7 50. Nf6+ Kg7 51. Ne5 Rxe5 52. Rxe5 1-0

[Event "DM G7 Grp1 2025"]
[Site "Svendborg"]
[Date "2025.04.18"]
[Round "4"]
[White "Madsen, Michael Baehring"]
[Black "Hollesen, Kurt"]
[Result "1/2-1/2"]
[WhiteElo "2043"]
[BlackElo "1974"]
[WhiteFideId "1413031"]
[BlackFideId "1406817"]
[EventDate "2025.04.15"]
[EventType "swiss"]
[EventRounds "7"]
[EventCountry "DEN"]
[SourceTitle "Live v. Kasper Jerwiarz"]

1. e4 c6 2. d4 d5 3. Nc3 dxe4 4. Nxe4 Bf5 5. Ng3 Bg6 6. Nf3 e6 7. h4 h6 8. h5 Bh7 9. Bd3 Bxd3 10. Qxd3 Nf6 11. Bd2 Bd6 12. O-O-O Nbd7 13. Kb1 Qc7 14. Ne4 Nxe4 15. Qxe4 Nf6 16. Qe2 Bf4 17. Be1 O-O-O 18. g3 Bd6 19. c4 Rhe8 20. Bc3 Nd7 21. Rh4 Be7 22. Re4 1/2-1/2

[Event "DM G7 Grp1 2025"]
[Site "Svendborg"]
[Date "2025.04.18"]
[Round "4"]
[White "Ringsmose, Christian"]
[Black "Shajan, Alan Pattayil"]
[Result "1/2-1/2"]
[WhiteElo "1944"]
[BlackElo "1934"]
[WhiteFideId "1451669"]
[BlackFideId "33436134"]
[EventDate "2025.04.15"]
[EventType "swiss"]
[EventRounds "7"]
[EventCountry "DEN"]
[SourceTitle "Live v. Kasper Jerwiarz"]

1. e4 c6 2. d4 d5 3. exd5 cxd5 4. Bd3 Nc6 5. c3 Qc7 6. h3 e6 7. Ne2 Bd6 8. Be3 Nge7 9. Nd2 Bd7 10. Nf3 Ng6 11. Qd2 a6 12. h4 e5 13. dxe5 Ngxe5 14. Nxe5 Nxe5 15. Rd1 Be6 16. Nd4 Bg4 17. f3 1/2-1/2

[Event "DM G7 Grp1 2025"]
[Site "Svendborg"]
[Date "2025.04.18"]
[Round "4"]
[White "Christensen, Jacob Foged"]
[Black "Paludan, Noah"]
[Result "1-0"]
[WhiteElo "1969"]
[BlackElo "1963"]
[WhiteFideId "1439073"]
[BlackFideId "1474987"]
[EventDate "2025.04.15"]
[EventType "swiss"]
[EventRounds "7"]
[EventCountry "DEN"]
[SourceTitle "Live v. Kasper Jerwiarz"]

1. d4 Nf6 2. c4 g6 3. Nf3 Bg7 4. Nc3 O-O 5. e4 d6 6. Be2 e5 7. O-O Nc6 8. d5 Ne7 9. Be3 Nh5 10. Ne1 Nf4 11. Bxf4 exf4 12. Rc1 g5 13. b4 a5 14. a3 axb4 15. axb4 Ng6 16. Nd3 Bd7 17. Qd2 Qf6 18. h3 Rfe8 19. Rfd1 Nh4 20. Ne1 f3 21. Nxf3 Nxf3+ 22. Bxf3 Bxh3 23. Nb5 Rec8 24. Qe2 Bd7 25. Bg4 Bxg4 26. Qxg4 h6 27. c5 dxc5 28. Rxc5 Qb6 29. d6 c6 30. Nc7 Rab8 31. Nd5 Qd8 32. Ne7+ Kh8 33. Nxc8 Rxc8 34. d7 Ra8 35. Rc2 Kg8 36. b5 h5 37. Qf5 Ra5 38. bxc6 bxc6 39. Qxa5 1-0

[Event "DM G7 Grp1 2025"]
[Site "Svendborg"]
[Date "2025.04.18"]
[Round "4"]
[White "Skytte, Robert"]
[Black "Jepsen, Thomas Tange"]
[Result "0-1"]
[WhiteElo "1909"]
[BlackElo "1995"]
[WhiteFideId "1471775"]
[BlackFideId "1405357"]
[EventDate "2025.04.15"]
[EventType "swiss"]
[EventRounds "7"]
[EventCountry "DEN"]
[SourceTitle "Live v. Kasper Jerwiarz"]

1. e4 c6 2. d4 d5 3. Nd2 dxe4 4. Nxe4 Nf6 5. Nxf6+ exf6 6. c3 Bd6 7. Bd3 O-O 8. Qc2 Re8+ 9. Ne2 h5 10. Be3 Nd7 11. O-O h4 12. h3 Nf8 13. Rad1 Be6 14. c4 Rc8 15. Rfe1 Bb8 16. Nf4 Qc7 17. Kf1 Bd7 18. b4 Ne6 19. Nxe6 Bxe6 20. Bh7+ Kh8 21. Bf5 Qh2 22. Bxe6 Rxe6 23. Qf5 Qh1+ 24. Ke2 Qxg2 25. Qh5+ Kg8 26. Qxh4 Rce8 27. Kd2 Re4 28. Qh5 Bf4 29. Kd3 Bxe3 30. fxe3 Qxa2 31. Rc1 Qb3+ 32. Rc3 Rxe3+ 33. Rxe3 Rxe3+ 34. Kxe3 Qxc3+ 35. Ke4 Qxc4 36. Qa5 Qe2+ 37. Kf4 g5+ 0-1

[Event "DM G7 Grp1 2025"]
[Site "Svendborg"]
[Date "2025.04.18"]
[Round "4"]
[White "Li, Anna Sofie"]
[Black "Mollasoltani, Aryan "]
[Result "1/2-1/2"]
[WhiteElo "1781"]
[BlackElo "2014"]
[WhiteFideId "1472119"]
[BlackFideId "1465716"]
[EventDate "2025.04.15"]
[EventType "swiss"]
[EventRounds "7"]
[EventCountry "DEN"]
[SourceTitle "Live v. Kasper Jerwiarz"]

1. e4 c5 2. Nf3 Nc6 3. d4 cxd4 4. Nxd4 Nf6 5. Nc3 e5 6. Ndb5 d6 7. Nd5 Nxd5 8. exd5 Nb8 9. a4 a5 10. Be2 Be7 11. O-O O-O 12. f4 Nd7 13. f5 b6 14. Ra3 Nf6 15. Rh3 Bd7 16. Nc3 Rc8 17. Bd3 Rxc3 18. bxc3 Qc8 19. c4 e4 20. Be2 Bxf5 21. Rb3 Bg6 22. Be3 Nd7 23. Qd2 Bd8 24. Bd4 f5 25. Kh1 Nc5 26. Bxc5 Qxc5 27. Qe3 Qc7 28. g4 Qd7 29. gxf5 Bxf5 30. Qf4 Rf6 31. Qg3 Qxa4 32. Bg4 Qxc4 33. Rg1 Qxd5 34. Bxf5 e3+ 35. Rg2 Qd1+ 36. Rg1 Qd5+ 37. Rg2 Qd1+ 38. Rg1 Qd5+ 39. Rg2 1/2-1/2

[Event "DM G7 Grp1 2025"]
[Site "Svendborg"]
[Date "2025.04.18"]
[Round "4"]
[White "Peitersen, Andreas"]
[Black "Bekmukhanov, Sauran"]
[Result "0-1"]
[WhiteElo "1912"]
[BlackElo "1914"]
[WhiteFideId "1479814"]
[BlackFideId "1472844"]
[EventDate "2025.04.15"]
[EventType "swiss"]
[EventRounds "7"]
[EventCountry "DEN"]
[SourceTitle "Live v. Kasper Jerwiarz"]

1. c4 Nf6 2. g3 e5 3. Bg2 d5 4. cxd5 Nxd5 5. Nc3 c6 6. Nf3 Nd7 7. O-O Bd6 8. d4 Nxc3 9. bxc3 e4 10. Ng5 f5 11. f3 h6 12. Ne6 Qe7 13. Nf4 Bxf4 14. Bxf4 Nf6 15. fxe4 Nxe4 16. Qd3 O-O 17. Be5 Ng5 18. a4 Be6 19. c4 Rad8 20. Rab1 Kh8 21. a5 Rd7 22. a6 Rc8 23. axb7 Rxb7 24. Rxb7 Qxb7 25. d5 cxd5 26. cxd5 Rd8 27. Rxf5 Bxf5 28. Qxf5 Qf7 29. Qd3 a5 30. h4 Ne6 31. Qc3 Qa7+ 32. Kh2 Nf8 33. Bc7 Rc8 34. d6 a4 35. Bh3 Re8 36. Bg4 a3 37. Bf3 a2 38. Qa1 Qa3 39. d7 Nxd7 40. Bf4 Kh7 41. e3 Qb3 0-1

[Event "DM G7 Grp1 2025"]
[Site "Svendborg"]
[Date "2025.04.18"]
[Round "4"]
[White "Snedker, Oliver Kaehne "]
[Black "Jorgensen, Alexander Torp"]
[Result "1/2-1/2"]
[WhiteElo "1943"]
[BlackElo "1900"]
[WhiteFideId "1470051"]
[BlackFideId "1434187"]
[EventDate "2025.04.15"]
[EventType "swiss"]
[EventRounds "7"]
[EventCountry "DEN"]
[SourceTitle "Live v. Kasper Jerwiarz"]

1. e4 c6 2. d4 d5 3. Nc3 dxe4 4. Nxe4 Bf5 5. Ng3 Bg6 6. h4 h6 7. Nf3 Nf6 8. Ne5 Bh7 9. Bc4 e6 10. Qe2 Nd5 11. Bd3 Bxd3 12. Nxd3 Be7 13. Bd2 Na6 14. c3 Qa5 15. Nh5 g6 16. Nhf4 Nxf4 17. Nxf4 Nc7 18. h5 g5 19. Nd3 O-O-O 20. Ne5 Rhf8 21. O-O Bd6 22. c4 Bb4 23. Bxb4 Qxb4 24. Rfd1 f6 25. Ng4 f5 26. Ne5 f4 27. Rd3 Rf5 28. Rad1 Rg8 29. Ng4 Qf8 30. f3 c5 31. d5 exd5 32. cxd5 Qd6 33. Qe4 Rf7 34. Qa4 a6 35. Qc2 Kb8 36. Qc3 Re8 37. Re1 Rxe1+ 38. Qxe1 Re7 39. Qc3 c4 40. Qxc4 Qb6+ 41. Qd4 Qa5 42. b4 Qxa2 43. d6 Re1+ 44. Kh2 Ne6 45. d7 Qb1 46. d8=Q+ Nxd8 47. Qxd8+ Ka7 48. Qd4+ Ka8 49. Nf2 Qc2 50. Qb6 Re8 51. Rd8+ Rxd8 52. Qxd8+ Ka7 53. Qd4+ Ka8 54. Kh3 Qe2 55. Qh8+ Ka7 56. Qd4+ Ka8 57. Ng4 Qe1 58. Qf2 Qe8 59. Kh2 Qxh5+ 60. Kg1 Qg6 61. Qe1 h5 62. Ne5 Qb6+ 63. Kh2 Qh6 64. Kg1 Qb6+ 65. Kh2 Qd4 66. Kh1 Qd8 67. Qc3 1/2-1/2

[Event "DM G7 Grp1 2025"]
[Site "Svendborg"]
[Date "2025.04.19"]
[Round "5"]
[White "Rossen, Claus"]
[Black "Leimand, Jens Christian "]
[Result "1/2-1/2"]
[WhiteElo "2077"]
[BlackElo "2158"]
[WhiteFideId "1403222"]
[BlackFideId "1404270"]
[EventDate "2025.04.15"]
[EventType "swiss"]
[EventRounds "7"]
[EventCountry "DEN"]
[SourceTitle "Live v. Kasper Jerwiarz"]

1. e4 c5 2. Nc3 Nc6 3. Nf3 e5 4. Bc4 Be7 5. d3 d6 6. h3 Nf6 7. Be3 Nd4 8. Nd5 O-O 9. c3 Nxd5 10. Bxd5 Nxf3+ 11. Qxf3 Be6 12. Bxe6 fxe6 13. Qe2 Bg5 14. O-O 1/2-1/2

[Event "DM G7 Grp1 2025"]
[Site "Svendborg"]
[Date "2025.04.19"]
[Round "5"]
[White "Jensen, Morten Frank"]
[Black "Ramsdal, Lasse Andreas"]
[Result "0-1"]
[WhiteElo "2004"]
[BlackElo "1968"]
[WhiteFideId "1407325"]
[BlackFideId "1440675"]
[EventDate "2025.04.15"]
[EventType "swiss"]
[EventRounds "7"]
[EventCountry "DEN"]
[SourceTitle "Live v. Kasper Jerwiarz"]

1. d4 d5 2. Nc3 Nf6 3. Bf4 e6 4. Nb5 Na6 5. e3 c6 6. Nc3 Be7 7. a3 c5 8. Nb5 Qa5+ 9. c3 c4 10. a4 O-O 11. Be2 Bd7 12. Nf3 Bxb5 13. axb5 Qxb5 14. Qc2 Nb8 15. Ne5 Nbd7 16. O-O a5 17. g4 Nxe5 18. Bxe5 a4 19. Bxf6 Bxf6 20. Ra2 Qc6 21. f4 Ra7 22. Bf3 Rfa8 23. Qg2 Qb6 24. g5 Be7 25. f5 a3 26. f6 Qb3 27. bxa3 Bxa3 28. fxg7 Qxc3 29. Bh5 Qxe3+ 30. Kh1 b5 31. Raf2 Qe4 32. Rxf7 Qxg2+ 33. Kxg2 Bd6 34. R7f6 Ra2+ 35. Kf3 R8a3+ 36. Kg4 Rg2+ 37. Kh4 Rxh2+ 38. Kg4 Rg3# 0-1